| 000 | 00670nam a2200265 a 4500 | ||
|---|---|---|---|
| 001 | nice12345678 | ||
| 003 | IN_TiNIC | ||
| 005 | 20260116015244.0 | ||
| 008 | 050524s1996 kara grp 000 0 eng | ||
| 020 |
_a _c100 |
||
| 082 | 0 | 0 |
_a340.5905491 _bBAL |
| 100 | _aBalchin, Cassandra | ||
| 245 | _aWomen, Law and Society | ||
| 260 |
_aKarachi _bShirkat Gah _c1996 |
||
| 300 | _a259p | ||
| 500 | _aincludes index and biblioraphy | ||
| 505 | 2 | _adialogue Nov, 1-7,1991. | |
| 650 | _aMuslim Women-Pakistan | ||
| 650 | _aIslamic-Law Pakistan | ||
| 650 | _aWomen-Pakistan | ||
| 700 | 1 | _aBalchin, Cassandra | |
| 902 | _bSRS | ||
| 942 | _cBK | ||
| 999 |
_c18941 _d18941 |
||